[Event "Winnipeg TNT Sept op"]
[Site "Winnipeg CAN"]
[Date "2004.09.21"]
[Round "3"]
[White "Lindsay, Richard Vicent"]
[Black "Babb, Jeff"]
[Result "0-1"]
[WhiteElo "1735"]
[BlackElo "2143"]
[PlyCount "32"]
[GameId "2160767911069381"]
[EventDate "2004.09.07"]
[EventType "swiss"]
[EventRounds "4"]
[EventCountry "CAN"]
[SourceTitle "EXT 2006"]
[Source "ChessBase"]
[SourceDate "2005.11.24"]
[SourceVersion "1"]
[SourceVersionDate "2005.11.24"]
[SourceQuality "1"]

1. d4 Nf6 2. c4 c5 3. d5 b5 4. cxb5 a6 5. Nc3 axb5 6. Bg5 Qa5 7. Bxf6 gxf6 8. Qd2 b4 9. Nd1 f5 10. e3 d6 11. Bc4 Nd7 12. Nf3 Nb6 13. b3 Nxc4 14. bxc4 Bg7 15. Rc1 Qxa2 16. Rc2 b3 0-1

[Event "Winnipeg TNT Sept op"]
[Site "Winnipeg CAN"]
[Date "2004.09.21"]
[Round "3"]
[White "Rutter, Blair"]
[Black "Boron, Anthony"]
[Result "1/2-1/2"]
[WhiteElo "1662"]
[BlackElo "1920"]
[PlyCount "78"]
[GameId "2160767911069382"]
[EventDate "2004.09.07"]
[EventType "swiss"]
[EventRounds "4"]
[EventCountry "CAN"]
[SourceTitle "EXT 2006"]
[Source "ChessBase"]
[SourceDate "2005.11.24"]
[SourceVersion "1"]
[SourceVersionDate "2005.11.24"]
[SourceQuality "1"]

1. c4 Nf6 2. g3 c6 3. Bg2 d5 4. cxd5 Nxd5 5. Nf3 g6 6. O-O Bg7 7. d4 O-O 8. e4 Nb6 9. Nc3 Bg4 10. Be3 Qd7 11. Qd3 Na6 12. Rad1 Nb4 13. Qe2 Rad8 14. a3 Na6 15. Qd3 Nc8 16. Rd2 Nc7 17. Kh1 Bh3 18. Nh4 Bxg2+ 19. Kxg2 e5 20. Rfd1 exd4 21. Bxd4 Qe6 22. Qe3 Bxd4 23. Rxd4 Rxd4 24. Qxd4 Nb6 25. f4 Qb3 26. Rd2 Nc4 27. Rf2 Nxb2 28. f5 g5 29. Nf3 f6 30. e5 c5 31. Qxc5 Nd3 32. Qxc7 Nxf2 33. Kxf2 Qc2+ 34. Ke3 Qxf5 35. Nd5 Qe6 36. Qd6 Qxd6 37. exd6 Rd8 38. Nxf6+ Kf7 39. Ne4 h6 1/2-1/2

[Event "Winnipeg TNT Sept op"]
[Site "Winnipeg CAN"]
[Date "2004.09.28"]
[Round "4"]
[White "Babb, Jeff"]
[Black "Repa, Jason"]
[Result "1-0"]
[WhiteElo "2143"]
[BlackElo "1938"]
[PlyCount "83"]
[GameId "2160767911069384"]
[EventDate "2004.09.07"]
[EventType "swiss"]
[EventRounds "4"]
[EventCountry "CAN"]
[SourceTitle "EXT 2006"]
[Source "ChessBase"]
[SourceDate "2005.11.24"]
[SourceVersion "1"]
[SourceVersionDate "2005.11.24"]
[SourceQuality "1"]

1. e4 e6 2. d3 d5 3. Nd2 Nf6 4. Ngf3 c5 5. g3 Nc6 6. Bg2 Be7 7. O-O O-O 8. Re1 Qc7 9. e5 Nd7 10. Qe2 b6 11. Nf1 Nd4 12. Nxd4 cxd4 13. h4 Bb7 14. Bf4 Bb4 15. Rec1 Rac8 16. Nh2 b5 17. a3 Be7 18. h5 g5 19. hxg6 hxg6 20. Nf3 Qc5 21. Bh3 Kg7 22. Bg5 Bxg5 23. Nxg5 Qe7 24. f4 Nb8 25. Re1 Nc6 26. Qf2 a5 27. Re2 b4 28. Nf3 Qc5 29. Kg2 Rh8 30. axb4 axb4 31. Ng5 Qb6 32. b3 Na7 33. Rh1 Nb5 34. Nf3 Rc3 35. Rh2 Qc5 36. g4 Bc8 37. Kg3 Bd7 38. Bf1 Rc8 39. Ng5 Be8 40. Kf3 Kf8 41. Qh4 Na3 42. Nxe6+ 1-0

[Event "Winnipeg TNT Sept op"]
[Site "Winnipeg CAN"]
[Date "2004.09.28"]
[Round "4"]
[White "Boron, Anthony"]
[Black "Silva, T Romero"]
[Result "1/2-1/2"]
[WhiteElo "1920"]
[BlackElo "1621"]
[PlyCount "66"]
[GameId "2160767911069385"]
[EventDate "2004.09.07"]
[EventType "swiss"]
[EventRounds "4"]
[EventCountry "CAN"]
[SourceTitle "EXT 2006"]
[Source "ChessBase"]
[SourceDate "2005.11.24"]
[SourceVersion "1"]
[SourceVersionDate "2005.11.24"]
[SourceQuality "1"]

1. Nf3 Nf6 2. d4 d5 3. e3 Nbd7 4. Bd3 c6 5. O-O e6 6. b3 Bd6 7. Bb2 Qc7 8. Nbd2 O-O 9. c4 Re8 10. c5 Bf8 11. b4 g6 12. Qc2 e5 13. Nxe5 Nxe5 14. dxe5 Ng4 15. Nf3 Bg7 16. Rfe1 Nxe5 17. Nxe5 Bxe5 18. Bxe5 Rxe5 19. e4 dxe4 20. Rxe4 Bf5 21. Rd4 Rae8 22. Rf1 Bxd3 23. Qxd3 R5e7 24. Rd6 Re6 25. Rd7 Qb8 26. g3 R6e7 27. Rd1 Qe5 28. Qd4 Qe2 29. Rd2 Qe1+ 30. Kg2 Rxd7 31. Qxd7 Qe4+ 32. Kg1 Qe1+ 33. Kg2 Qe4+ 1/2-1/2

[Event "Winnipeg TNT Sept op"]
[Site "Winnipeg CAN"]
[Date "2004.09.28"]
[Round "4"]
[White "Czypinski, Jaroslaw"]
[Black "Rutter, Blair"]
[Result "1-0"]
[WhiteElo "1926"]
[BlackElo "1662"]
[PlyCount "59"]
[GameId "2160767911069386"]
[EventDate "2004.09.07"]
[EventType "swiss"]
[EventRounds "4"]
[EventCountry "CAN"]
[SourceTitle "EXT 2006"]
[Source "ChessBase"]
[SourceDate "2005.11.24"]
[SourceVersion "1"]
[SourceVersionDate "2005.11.24"]
[SourceQuality "1"]

1. e4 e6 2. d4 d5 3. exd5 exd5 4. c4 Nf6 5. Nf3 c6 6. Bd3 Bd6 7. O-O O-O 8. cxd5 cxd5 9. Ne5 Qc7 10. f4 Nc6 11. Nxc6 bxc6 12. Nc3 Re8 13. Bd2 Qb6 14. Ne2 Qxb2 15. Rb1 Qxa2 16. Nc3 Qa5 17. Nb5 Qd8 18. Nxd6 Qxd6 19. f5 Ne4 20. Bf4 Qd7 21. f6 Nxf6 22. Be5 Ne4 23. Qh5 Rf8 24. Bxe4 dxe4 25. Bxg7 Re8 26. Rb3 Qe6 27. Rg3 f5 28. Bf6+ Kf8 29. Qh6+ Kf7 30. Qg7# 1-0

[Event "Winnipeg TNT Sept op"]
[Site "Winnipeg CAN"]
[Date "2004.09.28"]
[Round "4"]
[White "Liebzeit, Mick"]
[Black "Costales, Servillano"]
[Result "1-0"]
[WhiteElo "1353"]
[BlackElo "1661"]
[PlyCount "87"]
[GameId "2160767911069387"]
[EventDate "2004.09.07"]
[EventType "swiss"]
[EventRounds "4"]
[EventCountry "CAN"]
[SourceTitle "EXT 2006"]
[Source "ChessBase"]
[SourceDate "2005.11.24"]
[SourceVersion "1"]
[SourceVersionDate "2005.11.24"]
[SourceQuality "1"]

1. e4 b6 2. Nc3 g6 3. Bc4 e6 4. f4 Qh4+ 5. g3 Qd8 6. d3 Bg7 7. Nge2 Ne7 8. Be3 d6 9. Qd2 Nd7 10. O-O-O c6 11. d4 Nf6 12. h3 a5 13. e5 Nfg8 14. Ne4 Nf5 15. g4 Nxe3 16. Qxe3 d5 17. Nd6+ Kf8 18. Bd3 Ne7 19. Ng3 Qc7 20. f5 Ng8 21. Rdf1 Bh6 22. g5 c5 23. gxh6 cxd4 24. Qg5 Qe7 25. Qg4 Nxh6 26. Qf4 Nxf5 27. Bxf5 g5 28. Qxd4 exf5 29. Ngxf5 Qe6 30. Qxb6 Bd7 31. Qb7 Rd8 32. Nxf7 Bc6 33. Nxd8 Bxb7 34. Nxe6+ Kf7 35. Nxg5+ Kg6 36. Rhg1 Ba6 37. Ne7+ Kh5 38. Nf7 Bxf1 39. Rg5+ Kh4 40. Nf5+ Kxh3 41. Nxh8 Bg2 42. Rg3+ Kh2 43. Nf7 Be4 44. N7h6 1-0

[Event "Winnipeg TNT Sept op"]
[Site "Winnipeg CAN"]
[Date "2004.09.28"]
[Round "4"]
[White "Reimer, Bruce"]
[Black "Greenberg, Harley"]
[Result "0-1"]
[WhiteElo "1344"]
[BlackElo "1781"]
[PlyCount "62"]
[GameId "2160767911069389"]
[EventDate "2004.09.07"]
[EventType "swiss"]
[EventRounds "4"]
[EventCountry "CAN"]
[SourceTitle "EXT 2006"]
[Source "ChessBase"]
[SourceDate "2005.11.24"]
[SourceVersion "1"]
[SourceVersionDate "2005.11.24"]
[SourceQuality "1"]

1. c4 Nf6 2. g3 g6 3. Bg2 Bg7 4. Nc3 O-O 5. e4 d6 6. Nge2 e5 7. O-O Nc6 8. d3 Nh5 9. Nd5 Ne7 10. Be3 f5 11. Bg5 Nf6 12. Nec3 c6 13. Nxf6+ Bxf6 14. Bxf6 Rxf6 15. d4 Qb6 16. dxe5 dxe5 17. Qd2 Be6 18. Qg5 Raf8 19. b3 Qb4 20. Nd1 Kg7 21. Nb2 h6 22. Qc1 fxe4 23. Bxe4 Bh3 24. Bg2 Bxg2 25. Kxg2 Qc5 26. Nd3 Qd4 27. Qe3 Rxf2+ 28. Qxf2 Rxf2+ 29. Nxf2 Nf5 30. Kg1 Ne3 31. Rfc1 Ng4 0-1

[Event "Winter op"]
[Site "Winnipeg CAN"]
[Date "2004.02.20"]
[Round "1"]
[White "Anderson, George"]
[Black "Zaczek, Jonathon"]
[Result "0-1"]
[WhiteElo "1500"]
[BlackElo "1832"]
[PlyCount "68"]
[GameId "2160767911183739"]
[EventDate "2004.02.20"]
[EventType "swiss"]
[EventRounds "5"]
[EventCountry "CAN"]
[SourceTitle "EXT 2006"]
[Source "ChessBase"]
[SourceDate "2005.11.24"]
[SourceVersion "1"]
[SourceVersionDate "2005.11.24"]
[SourceQuality "1"]

1. e4 c5 2. f4 g6 3. Nf3 Bg7 4. g3 Nc6 5. Nc3 e6 6. Bc4 a6 7. a3 Nge7 8. e5 b5 9. Ba2 Bb7 10. O-O d5 11. d4 cxd4 12. Nxd4 Nxd4 13. Qxd4 Nf5 14. Qf2 Bf8 15. Be3 Nxe3 16. Qxe3 d4 17. Qd3 dxc3 18. b4 Qxd3 19. cxd3 a5 20. Bb3 Bd5 21. Bxd5 exd5 22. d4 Kd7 23. Rfc1 axb4 24. axb4 Bxb4 25. Rab1 Ra4 26. Kg2 Rha8 27. Kh3 Ke6 28. Kg4 h5+ 29. Kf3 Rc8 30. h3 c2 31. Rb2 Ba3 32. Rbxc2 Rxc2 33. Rxc2 Rc4 34. Rxc4 dxc4 0-1

[Event "Winter op"]
[Site "Winnipeg CAN"]
[Date "2004.02.20"]
[Round "1"]
[White "Hogeveen Rutter, Alexander"]
[Black "Gibbons, Lorne"]
[Result "1-0"]
[WhiteElo "1708"]
[BlackElo "1353"]
[PlyCount "97"]
[GameId "2160767911183741"]
[EventDate "2004.02.20"]
[EventType "swiss"]
[EventRounds "5"]
[EventCountry "CAN"]
[SourceTitle "EXT 2006"]
[Source "ChessBase"]
[SourceDate "2005.11.24"]
[SourceVersion "1"]
[SourceVersionDate "2005.11.24"]
[SourceQuality "1"]

1. e4 e5 2. f4 d5 3. Nc3 dxe4 4. Nxe4 exf4 5. Nf3 Qe7 6. Qe2 Bf5 7. d3 Nc6 8. Bxf4 O-O-O 9. O-O-O g6 10. Bg5 f6 11. Bd2 Bg7 12. Bc3 Bxe4 13. Qxe4 Qxe4 14. dxe4 Rxd1+ 15. Kxd1 Nge7 16. Bc4 a6 17. Ke2 b5 18. Be6+ Kb7 19. a3 Re8 20. Rf1 Nd8 21. Bd7 Rg8 22. Nd2 f5 23. Bxg7 Rxg7 24. a4 c6 25. axb5 axb5 26. e5 Nd5 27. e6 Re7 28. Nb3 b4 29. Kf3 Nf6 30. Rd1 Nh5 31. Rd4 Ng7 32. Rxb4+ Kc7 33. Na5 Ngxe6 34. Bxe6 Rxe6 35. h4 h5 36. g3 Re5 37. Nc4 Rc5 38. c3 Rd5 39. Ra4 Kb7 40. Ne3 Rc5 41. Rd4 Kc7 42. Nd1 Ne6 43. Ra4 Rd5 44. Ne3 Rd3 45. Ra8 Nd8 46. Ra7+ Kc8 47. Rg7 Rd6 48. Nc4 Rd3+ 49. Kf2 1-0

[Event "Winter op"]
[Site "Winnipeg CAN"]
[Date "2004.02.20"]
[Round "1"]
[White "Katona, John"]
[Black "Degroot, Stephen"]
[Result "1-0"]
[WhiteElo "1833"]
[BlackElo "1524"]
[PlyCount "73"]
[GameId "2160767911183742"]
[EventDate "2004.02.20"]
[EventType "swiss"]
[EventRounds "5"]
[EventCountry "CAN"]
[SourceTitle "EXT 2006"]
[Source "ChessBase"]
[SourceDate "2005.11.24"]
[SourceVersion "1"]
[SourceVersionDate "2005.11.24"]
[SourceQuality "1"]

1. e4 c5 2. c3 Nf6 3. e5 Nd5 4. d4 cxd4 5. Nf3 dxc3 6. Qxd5 e6 7. Qb3 cxb2 8. Bxb2 Nc6 9. Be2 b6 10. Nbd2 Bb7 11. O-O Bc5 12. Ba3 Na5 13. Qd3 Rc8 14. Rfc1 O-O 15. Bxc5 bxc5 16. Nc4 Ba6 17. Qe3 Nxc4 18. Bxc4 Bxc4 19. Rxc4 f6 20. Rxc5 Qb6 21. Rxc8 Rxc8 22. Qxb6 axb6 23. h3 Rc5 24. Rd1 Rc7 25. Rb1 Rb7 26. Rb5 Kf7 27. Nd2 fxe5 28. Nc4 Ke7 29. Rxb6 Rxb6 30. Nxb6 d5 31. Kf1 Kd6 32. Ke2 Kc5 33. Nd7+ Kd4 34. Nf8 e4 35. Nxe6+ Kc4 36. Ke3 g6 37. a4 1-0

[Event "Winter op"]
[Site "Winnipeg CAN"]
[Date "2004.02.20"]
[Round "1"]
[White "Pottinger, Carl"]
[Black "Vincent, Trevor"]
[Result "1/2-1/2"]
[WhiteElo "1603"]
[BlackElo "2019"]
[PlyCount "75"]
[GameId "2160767911183743"]
[EventDate "2004.02.20"]
[EventType "swiss"]
[EventRounds "5"]
[EventCountry "CAN"]
[SourceTitle "EXT 2006"]
[Source "ChessBase"]
[SourceDate "2005.11.24"]
[SourceVersion "1"]
[SourceVersionDate "2005.11.24"]
[SourceQuality "1"]

1. e4 c5 2. Nf3 Nc6 3. d4 cxd4 4. Nxd4 g6 5. c4 Nf6 6. Nc3 d6 7. Be2 Nxd4 8. Qxd4 Bg7 9. Be3 O-O 10. Qd2 a6 11. f3 Be6 12. b3 Qa5 13. Rb1 Rfc8 14. Nd5 Qxd2+ 15. Kxd2 Bxd5 16. cxd5 Nd7 17. Rhc1 b5 18. Rxc8+ Rxc8 19. Rc1 Rxc1 20. Kxc1 Bc3 21. g4 Bb4 22. Kc2 Bc5 23. Bd2 Bb6 24. a4 bxa4 25. bxa4 Nc5 26. a5 Bc7 27. Bb4 Kg7 28. h3 Kf6 29. Kc3 Ke5 30. Kd2 Kf4 31. h4 Kg3 32. h5 gxh5 33. gxh5 Kh4 34. Bxc5 dxc5 35. Bxa6 Bxa5+ 36. Kd3 Kxh5 37. f4 Kg4 38. Ke3 1/2-1/2

[Event "Winter op"]
[Site "Winnipeg CAN"]
[Date "2004.02.20"]
[Round "1"]
[White "Reimer, Bruce"]
[Black "Rutter, Blair"]
[Result "1/2-1/2"]
[WhiteElo "1330"]
[BlackElo "1657"]
[PlyCount "105"]
[GameId "2160767911183744"]
[EventDate "2004.02.20"]
[EventType "swiss"]
[EventRounds "5"]
[EventCountry "CAN"]
[SourceTitle "EXT 2006"]
[Source "ChessBase"]
[SourceDate "2005.11.24"]
[SourceVersion "1"]
[SourceVersionDate "2005.11.24"]
[SourceQuality "1"]

1. c4 e6 2. g3 f5 3. Bg2 Nf6 4. Nc3 Nc6 5. d3 Be7 6. e3 O-O 7. Nge2 b6 8. O-O Bb7 9. e4 fxe4 10. Nxe4 Nxe4 11. Bxe4 Rb8 12. a3 Bf6 13. Rb1 Qc8 14. b4 Ne5 15. Bxb7 Qxb7 16. Nd4 Qa8 17. Bf4 Nf7 18. Nb5 e5 19. Bd2 Qb7 20. c5 a6 21. Nc3 Bg5 22. Ne4 Be7 23. h4 d6 24. cxd6 cxd6 25. Qg4 d5 26. Nc3 Rbd8 27. Qe2 Qc6 28. Qg4 b5 29. Rbc1 Qf6 30. Kg2 Rd6 31. Rce1 Bd8 32. Rc1 Bb6 33. Rce1 Bd4 34. Rc1 Nh6 35. Bxh6 Qxh6 36. Ne2 Bb6 37. Rc8 Qf6 38. Rxf8+ Qxf8 39. f4 Rf6 40. Rc1 exf4 41. Rc8 f3+ 42. Kh3 Bd8 43. Nf4 Qd6 44. Qxf3 Rf8 45. Qxd5+ Qxd5 46. Nxd5 Kf7 47. Nf4 Ke7 48. d4 Kd7 49. Ra8 Rf6 50. d5 Rb6 51. Ne6 Bf6 52. Ra7+ Kd6 53. Nf4 1/2-1/2

[Event "Winter op"]
[Site "Winnipeg CAN"]
[Date "2004.02.21"]
[Round "2"]
[White "Curtis, Rory"]
[Black "Reimer, Bruce"]
[Result "1-0"]
[WhiteElo "1716"]
[BlackElo "1330"]
[PlyCount "41"]
[GameId "2160767911183746"]
[EventDate "2004.02.20"]
[EventType "swiss"]
[EventRounds "5"]
[EventCountry "CAN"]
[SourceTitle "EXT 2006"]
[Source "ChessBase"]
[SourceDate "2005.11.24"]
[SourceVersion "1"]
[SourceVersionDate "2005.11.24"]
[SourceQuality "1"]

1. d4 d5 2. c4 e6 3. cxd5 exd5 4. Nc3 c6 5. Nf3 Nf6 6. Bg5 Be7 7. e3 O-O 8. Bd3 Bg4 9. Qc2 g6 10. Ne5 Be6 11. Bh6 Re8 12. O-O Ng4 13. Nxg4 Bxg4 14. h3 Be6 15. Rad1 Nd7 16. e4 dxe4 17. Nxe4 Nf6 18. Nc5 Bxc5 19. dxc5 Nd5 20. b4 Nxb4 21. Qc3 1-0

[Event "Winter op"]
[Site "Winnipeg CAN"]
[Date "2004.02.21"]
[Round "2"]
[White "Degroot, Stephen"]
[Black "Gannon, Keith"]
[Result "1-0"]
[WhiteElo "1524"]
[BlackElo "1569"]
[PlyCount "117"]
[GameId "2160767911183747"]
[EventDate "2004.02.20"]
[EventType "swiss"]
[EventRounds "5"]
[EventCountry "CAN"]
[SourceTitle "EXT 2006"]
[Source "ChessBase"]
[SourceDate "2005.11.24"]
[SourceVersion "1"]
[SourceVersionDate "2005.11.24"]
[SourceQuality "1"]

1. c4 e5 2. Nc3 Nf6 3. g3 d5 4. cxd5 Nxd5 5. Bg2 Nxc3 6. bxc3 Bd6 7. Qb3 c6 8. e4 O-O 9. Ne2 Nd7 10. O-O Nc5 11. Qc2 Ne6 12. d4 Re8 13. f4 exd4 14. cxd4 Qb6 15. Be3 c5 16. Rab1 Qd8 17. e5 cxd4 18. Nxd4 Nxd4 19. Bxd4 Qc7 20. Qxc7 Bxc7 21. Bxb7 Bf5 22. Rbc1 Rad8 23. Bxa7 Ba5 24. Bf3 Rd2 25. Rf2 Rd3 26. g4 Be6 27. Be4 Rdd8 28. f5 Bd5 29. Bxd5 Rxd5 30. Re2 h6 31. Rc5 Rd1+ 32. Kg2 Bd2 33. Rc2 Bf4 34. e6 fxe6 35. fxe6 Bg5 36. Bc5 Rd5 37. a4 Bf6 38. a5 h5 39. h3 hxg4 40. hxg4 Be5 41. e7 Kf7 42. g5 Bd6 43. Bxd6 Rxd6 44. Rc5 Rxe7 45. Rxe7+ Kxe7 46. Kf3 Ke6 47. Ke4 g6 48. Re5+ Kf7 49. Rd5 Rc6 50. Rb5 Re6+ 51. Kd5 Re1 52. a6 Rd1+ 53. Kc6 Rc1+ 54. Kb7 Re1 55. a7 Re7+ 56. Ka6 Re6+ 57. Rb6 Re8 58. Rc6 Kg7 59. Kb7 1-0

[Event "Winter op"]
[Site "Winnipeg CAN"]
[Date "2004.02.21"]
[Round "2"]
[White "Kohalmi, Andy"]
[Black "Anderson, George"]
[Result "1-0"]
[WhiteElo "1584"]
[BlackElo "1500"]
[PlyCount "111"]
[GameId "2160767911183748"]
[EventDate "2004.02.20"]
[EventType "swiss"]
[EventRounds "5"]
[EventCountry "CAN"]
[SourceTitle "EXT 2006"]
[Source "ChessBase"]
[SourceDate "2005.11.24"]
[SourceVersion "1"]
[SourceVersionDate "2005.11.24"]
[SourceQuality "1"]

1. d4 d5 2. Nf3 Nd7 3. e3 Nb6 4. Bd3 Bg4 5. Nbd2 Nf6 6. h3 Bh5 7. b3 e6 8. a3 Nbd7 9. Bb2 a6 10. c4 c6 11. Rc1 Rc8 12. O-O Bd6 13. c5 Bb8 14. Re1 Qc7 15. Nf1 Ne4 16. Be2 Ndf6 17. Ne5 Bg6 18. f3 Nd7 19. Nxg6 hxg6 20. fxe4 dxe4 21. Bc4 Nf6 22. Qe2 Nh5 23. Qg4 Nf6 24. Qf4 Qxf4 25. exf4 Bxf4 26. Rc2 g5 27. g3 Bc7 28. Kg2 Ke7 29. Bc1 g4 30. h4 b5 31. cxb6 Bxb6 32. Be3 a5 33. Ba6 Ra8 34. Bb7 Ra7 35. Bxc6 Rc7 36. Rec1 Rhc8 37. b4 axb4 38. axb4 Ra7 39. Bxe4 Rxc2+ 40. Bxc2 Nd5 41. b5 Ra2 42. Bf2 Nb4 43. Ne3 f5 44. Nc4 Nxc2 45. Nxb6 Nxd4 46. Rc7+ Kd6 47. Rd7+ Kc5 48. Nc8 Kc4 49. Rxd4+ Kxb5 50. Rd6 Re2 51. Kf1 Re4 52. Rb6+ Ka4 53. Nd6 Rb4 54. Rxb4+ Kxb4 55. h5 e5 56. Nxf5 1-0

[Event "Winter op"]
[Site "Winnipeg CAN"]
[Date "2004.02.21"]
[Round "2"]
[White "Rutter, Blair"]
[Black "Pottinger, Carl"]
[Result "1-0"]
[WhiteElo "1657"]
[BlackElo "1603"]
[PlyCount "43"]
[GameId "2160767911183749"]
[EventDate "2004.02.20"]
[EventType "swiss"]
[EventRounds "5"]
[EventCountry "CAN"]
[SourceTitle "EXT 2006"]
[Source "ChessBase"]
[SourceDate "2005.11.24"]
[SourceVersion "1"]
[SourceVersionDate "2005.11.24"]
[SourceQuality "1"]

1. c4 c5 2. g3 g6 3. Bg2 Bg7 4. Nc3 Nc6 5. e4 Nf6 6. d3 O-O 7. Nge2 d6 8. O-O Rb8 9. h3 Bd7 10. Be3 e5 11. Qd2 Nd4 12. Kh2 a6 13. f4 b5 14. fxe5 dxe5 15. Bg5 Rb6 16. Nxd4 cxd4 17. Nd5 Rc6 18. cxb5 axb5 19. Nxf6+ Bxf6 20. Rxf6 Rxf6 21. Rf1 Kg7 22. Bxf6+ 1-0

[Event "Winter op"]
[Site "Winnipeg CAN"]
[Date "2004.02.21"]
[Round "2"]
[White "Van Wyk, Joseph"]
[Black "Katona, John"]
[Result "1/2-1/2"]
[WhiteElo "1952"]
[BlackElo "1833"]
[PlyCount "71"]
[GameId "2160767911183750"]
[EventDate "2004.02.20"]
[EventType "swiss"]
[EventRounds "5"]
[EventCountry "CAN"]
[SourceTitle "EXT 2006"]
[Source "ChessBase"]
[SourceDate "2005.11.24"]
[SourceVersion "1"]
[SourceVersionDate "2005.11.24"]
[SourceQuality "1"]

1. e4 c5 2. f4 Nc6 3. Nf3 g6 4. Bc4 e6 5. Nc3 Bg7 6. O-O d6 7. d3 Nf6 8. h3 O-O 9. a3 a6 10. Qe1 d5 11. Bb3 dxe4 12. dxe4 Nd4 13. Be3 Nxb3 14. cxb3 b6 15. Rd1 Qc7 16. e5 Nd5 17. Nxd5 exd5 18. Rxd5 Be6 19. Rd3 Rad8 20. Qc3 Bf5 21. Rdd1 Qb7 22. b4 cxb4 23. Qxb4 b5 24. Rd6 Rxd6 25. Qxd6 Rc8 26. Rf2 Bf8 27. Qb6 Qe4 28. Ng5 Qc4 29. Qxa6 h6 30. Nf3 Bc5 31. Bxc5 Qxc5 32. g4 Qc1+ 33. Kg2 Be4 34. e6 Bxf3+ 35. Kxf3 Qh1+ 36. Kg3 1/2-1/2

[Event "Winter op"]
[Site "Winnipeg CAN"]
[Date "2004.02.21"]
[Round "2"]
[White "Vincent, Trevor"]
[Black "Hogeveen Rutter, Alexander"]
[Result "1-0"]
[WhiteElo "2019"]
[BlackElo "1708"]
[PlyCount "43"]
[GameId "2160767911183751"]
[EventDate "2004.02.20"]
[EventType "swiss"]
[EventRounds "5"]
[EventCountry "CAN"]
[SourceTitle "EXT 2006"]
[Source "ChessBase"]
[SourceDate "2005.11.24"]
[SourceVersion "1"]
[SourceVersionDate "2005.11.24"]
[SourceQuality "1"]

1. c4 Nf6 2. g3 c6 3. Bg2 d5 4. Nf3 Bf5 5. cxd5 cxd5 6. Qb3 Qc8 7. Nc3 e6 8. d3 Nbd7 9. Bf4 a6 10. Rc1 Nc5 11. Qd1 b6 12. d4 Ncd7 13. Nxd5 Nxd5 14. Rxc8+ Rxc8 15. O-O Nxf4 16. gxf4 Bd6 17. Ne5 Bxe5 18. fxe5 O-O 19. e4 Bg6 20. f4 f6 21. f5 exf5 22. exf5 1-0

[Event "Winter op"]
[Site "Winnipeg CAN"]
[Date "2004.02.21"]
[Round "3"]
[White "Degroot, Stephen"]
[Black "Kohalmi, Andy"]
[Result "1/2-1/2"]
[WhiteElo "1524"]
[BlackElo "1584"]
[PlyCount "91"]
[GameId "2160767911183753"]
[EventDate "2004.02.20"]
[EventType "swiss"]
[EventRounds "5"]
[EventCountry "CAN"]
[SourceTitle "EXT 2006"]
[Source "ChessBase"]
[SourceDate "2005.11.24"]
[SourceVersion "1"]
[SourceVersionDate "2005.11.24"]
[SourceQuality "1"]

1. c4 Nf6 2. g3 d6 3. Bg2 e5 4. Nc3 g6 5. e4 Bg4 6. f3 Be6 7. b3 Bg7 8. Nge2 Nc6 9. d4 exd4 10. Nxd4 Nxd4 11. Qxd4 O-O 12. O-O Nd7 13. Qd2 Nc5 14. Bb2 Bd7 15. Rad1 Qe7 16. Nd5 Qd8 17. Bxg7 Kxg7 18. Qb2+ f6 19. f4 Bg4 20. Rd2 Be6 21. e5 fxe5 22. fxe5 Rxf1+ 23. Bxf1 Bxd5 24. Rxd5 Nd7 25. exd6+ Nf6 26. dxc7 Qxc7 27. Bg2 Re8 28. Rd1 Re5 29. Bxb7 Qb6+ 30. c5 Rxc5 31. Qf2 Qc7 32. Bf3 Rf5 33. Kg2 Qc3 34. Qxa7+ Kh6 35. Rf1 Qd3 36. Qf2 Ng4 37. Qe2 Qxe2+ 38. Bxe2 Ne3+ 39. Kg1 Nxf1 40. Bxf1 Rd5 41. a4 Rd1 42. b4 Rd4 43. a5 Rxb4 44. Kf2 Rb2+ 45. Ke3 Rxh2 46. a6 1/2-1/2

[Event "Winter op"]
[Site "Winnipeg CAN"]
[Date "2004.02.21"]
[Round "3"]
[White "Hogeveen Rutter, Alexander"]
[Black "Curtis, Rory"]
[Result "1-0"]
[WhiteElo "1708"]
[BlackElo "1716"]
[PlyCount "91"]
[GameId "2160767911183755"]
[EventDate "2004.02.20"]
[EventType "swiss"]
[EventRounds "5"]
[EventCountry "CAN"]
[SourceTitle "EXT 2006"]
[Source "ChessBase"]
[SourceDate "2005.11.24"]
[SourceVersion "1"]
[SourceVersionDate "2005.11.24"]
[SourceQuality "1"]

1. e4 e5 2. Nf3 d6 3. Bc4 Be7 4. O-O Nc6 5. c3 Nf6 6. Re1 O-O 7. d4 exd4 8. cxd4 Bg4 9. Re3 d5 10. exd5 Nxd5 11. Bxd5 Qxd5 12. Nc3 Qd7 13. d5 Na5 14. Ne5 Bxd1 15. Nxd7 Rfe8 16. Nxd1 Bd6 17. f4 f6 18. Re6 Red8 19. Nxf6+ gxf6 20. Rxf6 Nc4 21. Nc3 Bc5+ 22. Kf1 Bd4 23. Rf5 Nb6 24. Nb5 Bh8 25. Nxc7 Rac8 26. Ne6 Rd6 27. Rg5+ Kf7 28. Rh5 Nxd5 29. Ng5+ Kg6 30. Rxh7 Bg7 31. f5+ Kxf5 32. Rxg7 Nf6 33. Be3 Rc2 34. Rxb7 Ng4 35. Rb5+ Kg6 36. Bxa7 Rdd2 37. Nf3 Nxh2+ 38. Nxh2 Rxg2 39. Nf3 Rg3 40. Nh4+ Kf7 41. Rf5+ Kg7 42. Rf2 Rh3 43. Nf5+ Kg6 44. Ne7+ Kh5 45. Rxc2 Rh1+ 46. Bg1 1-0

[Event "Winter op"]
[Site "Winnipeg CAN"]
[Date "2004.02.21"]
[Round "3"]
[White "Pottinger, Carl"]
[Black "Reimer, Bruce"]
[Result "1-0"]
[WhiteElo "1603"]
[BlackElo "1330"]
[PlyCount "120"]
[GameId "2160767911183756"]
[EventDate "2004.02.20"]
[EventType "swiss"]
[EventRounds "5"]
[EventCountry "CAN"]
[SourceTitle "EXT 2006"]
[Source "ChessBase"]
[SourceDate "2005.11.24"]
[SourceVersion "1"]
[SourceVersionDate "2005.11.24"]
[SourceQuality "1"]

1. c4 Nf6 2. g3 e6 3. Bg2 d5 4. cxd5 exd5 5. d4 c6 6. Nf3 Bb4+ 7. Nc3 Nbd7 8. Bd2 Bxc3 9. Bxc3 O-O 10. O-O Re8 11. e3 Ne4 12. Bd2 Nxd2 13. Nxd2 Nf6 14. a3 Bf5 15. b4 Qd7 16. Qb3 Bh3 17. a4 Bxg2 18. Kxg2 Ng4 19. Rab1 a6 20. b5 axb5 21. axb5 Nf6 22. bxc6 bxc6 23. Rfc1 Rec8 24. Rc2 Ra7 25. Rbc1 Rac7 26. Nf3 Qd6 27. Qb6 Nd7 28. Qa5 c5 29. dxc5 Rxc5 30. Rxc5 Rxc5 31. Rxc5 Qxc5 32. Qxc5 Nxc5 33. Nd4 Ne6 34. Nb5 f6 35. Kf3 g5 36. Kg4 Kf7 37. Kf5 Ke7 38. Kg4 Kf7 39. h4 gxh4 40. Kxh4 Kg6 41. Kg4 h6 42. Kf3 h5 43. Ke2 Kf5 44. f3 Ke5 45. f4+ Kf5 46. Kf3 Kg6 47. Nd6 f5 48. Nb5 Kf6 49. Ke2 Ke7 50. Kf3 Kf6 51. Kg2 Kg6 52. Kh3 Kh6 53. Nd6 Kg6 54. Nb5 Kh6 55. Kh4 Kg6 56. Na7 d4 57. exd4 Nxd4 58. Nc8 Nc6 59. Nd6 Nd4 60. Nc4 Nc6 1-0